000 01026cam a2200289 a 4500
999 _c2267
_d2267
001 (Sirsi) a864424
003 OSt
005 20230410081544.0
008 140805s2014 enkab a 000 1 eng d
020 _a9781409303343 (pbk.) :
040 _aTT
_beng
_cTAE
_dKH8
042 _anbic
082 0 _a823.914 ADA
100 1 _aAdamson, Jean,
_d1928-
_eauthor
245 1 0 _aTopsy and Tim go to the doctor /
_cby Jean and Gareth Adamson ; [illustrations by Belinda Worsley]
246 3 _aGo to the doctor.
260 _aLondon :
_bLadybird,
_c[2014]
300 _a[29] p. :
_bcol. ill., col. map ;
_c21 cm.
520 _aTim wakes up with a sore throat, so Mummy and Dad decide he needs to visit the doctor.
521 1 _a3-6.
650 0 _aTopsy (Fictitious character : Adamson)
_vJuvenile fiction.
650 0 _aTim (Fictitious character : Adamson)
_vJuvenile fiction.
650 0 _aPhysicians
_vJuvenile fiction.
700 1 _aAdamson, Gareth.
_eauthor
700 1 _aWorsley, Belinda.
_eillustrator
942 _2ddc
_cNFIC